00841nam a22001697a 4500003000900000008004100009040007100050082002200121100001600143245004700159260003000206300002900236505036000265650002000625650001200645650001400657AR-CdUCM190725b ||||| |||| 00| 0 spa d aMUNICIPALIDAD PROVINCIAL DEL CUSCOcBIBLIOTECA MUNICIPAL DEL CUSCO 25 ed.a080 /bN89 aNueda, Luis aMil librosb(recuerdos bibliográficos) / aMadrid :bAguilar,c1956. a1423 páginas ;c24 cm. aContenido : Reseñas claras y fieles del contenido de mas de un millar de volúmenes de ciencias, filosofía, religión, literatura: ensayos , novelas, teatro, etc. (414 autores; 1148 obras) Las doctrinas e hipótesis mas trascendentales en diversas materias los pensamientos mas bellos y profundos de los hombres mas eminentes de todos los tiempos. aBibliografía  aEnsayos aCiencias